000 00311nam a2200109Ia 4500
005 20251222144741.0
008 251222s9999||||xx |||||||||||||| ||spa||
082 _a289.5/C72/Ej.2
245 0 _aNueva evagelización, promoción humana, cultura cristiana:
264 _bConferencia Episcopal Peruana
942 _cLIB
999 _c18964
_d18964